Nearer the truth (Record no. 388775)

000 -LEADER
fixed length control field 00338cam a22001217a 4500
008 - FIXED-LENGTH DATA ELEMENTS--GENERAL INFORMATION
fixed length control field 180718b1999 xxu||||| |||| 00| 0 eng d
082 ## - DEWEY DECIMAL CLASSIFICATION NUMBER
Classification number A99/G151 C281
100 ## - MAIN ENTRY--PERSONAL NAME
Personal name Cataria De Ve
245 ## - TITLE STATEMENT
Title Nearer the truth
Statement of responsibility, etc. by Cataria De Ve
260 ## - PUBLICATION, DISTRIBUTION, ETC.
Place of publication, distribution, etc. New Delhi
Name of publisher, distributor, etc. Vandeepkam Services
Date of publication, distribution, etc. 1999
300 ## - PHYSICAL DESCRIPTION
Extent 311p.
650 ## - SUBJECT ADDED ENTRY--TOPICAL TERM
Topical term or geographic name entry element Gandhi, Indira - Biography
Holdings
Withdrawn status Lost status Damaged status Not for loan Permanent Location Current Location Date acquired Full call number Barcode Date last seen Price effective from Koha item type
        Indian Institute of Public Administration Indian Institute of Public Administration 1999-03-25 A99/G151 C281 74090 2018-07-21 2018-07-21 Book

Powered by Koha